[Event "GER-ch 75th"]
[Site "Hoeckendorf"]
[Date "2004.02.01"]
[Round "3"]
[White "Bastian, Herbert"]
[Black "Gutman, Lev"]
[Result "1/2-1/2"]
[WhiteElo "2384"]
[BlackElo "2497"]
[EventDate "2004.01.30"]
[PlyCount "91"]

1. e4 c5 2. Nc3 Nc6 3. g3 g6 4. Bg2 Bg7 5. d3 d6 6. Be3 Nf6 7. h3 Nd7 8. Qd2 Qa5 9. f4 Nd4 10. Nf3 Nxf3+ 11. Bxf3 Nb6 12. Bg2 Bd7 13. O-O Na4 14. e5 dxe5 15. Nxa4 Qxd2 16. Bxd2 Bxa4 17. b3 Bd7 18. Bc3 O-O 19. Rae1 Rae8 20. Bxb7 Bxh3 21. Bg2 Bxg2 22. Kxg2 exf4 23. Bxg7 Kxg7 24. Rxf4 e5 25. Rc4 f6 26. Rxc5 Rc8 27. Rxc8 Rxc8 28. c4 Rd8 29. Rd1 h5 30. b4 Kf7 31. a4 Ke6 32. Kf3 Rd4 33. Ke3 Rg4 34. Kf3 f5 35. b5 Kd6 36. a5 Rd4 37. Ke3 Kc5 38. Rb1 e4 39. dxe4 Rxe4+ 40. Kf3 Re6 41. b6 axb6 42. Rb5+ Kxc4 43. Rxb6 Re5 44. Rxg6 Rxa5 45. Rh6 Kd5 46. Kf4 1/2-1/2

[Event "GER-ch 75th"]
[Site "Hoeckendorf"]
[Date "2004.02.01"]
[Round "3"]
[White "Bischoff, Klaus"]
[Black "Heinemann, Thies"]
[Result "1/2-1/2"]
[WhiteElo "2561"]
[BlackElo "2426"]
[EventDate "2004.01.30"]
[PlyCount "76"]

1. d4 Nf6 2. c4 c5 3. Nf3 cxd4 4. Nxd4 b6 5. Nc3 Bb7 6. f3 d6 7. e4 e6 8. Be2 Be7 9. Be3 O-O 10. Qd2 a6 11. O-O-O Qc7 12. Kb1 Nc6 13. Rc1 Nxd4 14. Bxd4 Nd7 15. g4 Rfb8 16. h4 Qd8 17. g5 Bc6 18. Rhg1 b5 19. cxb5 axb5 20. Nd1 Rc8 21. Ne3 Nf8 22. Ng4 e5 23. Be3 Bd7 24. Rxc8 Rxc8 25. h5 Rb8 26. Nf6+ Bxf6 27. gxf6 Qxf6 28. Bg5 Qe6 29. Bd1 d5 30. exd5 Qf5+ 31. Ka1 Rc8 32. Bh6 g6 33. hxg6 hxg6 34. Be3 Nh7 35. a3 Re8 36. Be2 Rc8 37. Bd1 Re8 38. Be2 Rc8 1/2-1/2

[Event "GER-ch 75th"]
[Site "Hoeckendorf"]
[Date "2004.02.01"]
[Round "3"]
[White "Braun, Arik"]
[Black "Preiss, Martin"]
[Result "1-0"]
[WhiteElo "2429"]
[BlackElo "2304"]
[EventDate "2004.01.30"]
[PlyCount "73"]

1. d4 f5 2. g3 Nf6 3. Bg2 e6 4. c4 d5 5. Nh3 c6 6. O-O Be7 7. Nf4 O-O 8. Nd2 g5 9. Nh3 h6 10. b3 Bd7 11. Bb2 Be8 12. f3 Bg6 13. e4 dxe4 14. fxe4 fxe4 15. Qe2 c5 16. Nxe4 cxd4 17. Rad1 Bxe4 18. Bxe4 Bc5 19. Bd3 Nbd7 20. Qxe6+ Kg7 21. Qf5 Qe8 22. Rde1 Qf7 23. b4 Bxb4 24. Bxd4 Kg8 25. Re6 Be7 26. Nxg5 hxg5 27. Qxg5+ Qg7 28. Qxg7+ Kxg7 29. Rxe7+ Rf7 30. Re6 Rh8 31. Rd6 Rhf8 32. g4 Kg8 33. g5 Ne8 34. Rg6+ Ng7 35. Bf5 Nc5 36. h4 b6 37. h5 1-0

[Event "GER-ch 75th"]
[Site "Hoeckendorf"]
[Date "2004.02.01"]
[Round "3"]
[White "Breutigam, Martin"]
[Black "Giessmann, Stephan"]
[Result "0-1"]
[WhiteElo "2409"]
[BlackElo "2287"]
[EventDate "2004.01.30"]
[PlyCount "112"]

1. d4 d5 2. Bg5 c6 3. Nf3 h6 4. Bh4 Nf6 5. e3 Bf5 6. Bxf6 gxf6 7. Bd3 Bxd3 8. Qxd3 e6 9. Nc3 f5 10. O-O-O Nd7 11. Rhf1 b5 12. Nd2 Nb6 13. f3 Nc4 14. e4 f4 15. Rf2 Rb8 16. g3 Qa5 17. Nb3 Qa6 18. Re1 b4 19. Nd1 Qxa2 20. exd5 cxd5 21. Qf5 Be7 22. Rxe6 fxe6 23. Qxe6 Rd8 24. Re2 Rd7 25. Qg6+ Kd8 26. Qc6 fxg3 27. hxg3 Nb6 28. Ne3 Rc7 29. Qe6 Qxb3 30. Qe5 Re8 31. Qxc7+ Kxc7 32. cxb3 Kd7 33. Kc2 Bf8 34. Kd3 Re6 35. Rh2 Bg7 36. Rh5 Kc6 37. f4 Re4 38. Nf5 Bf8 39. Nxh6 Bxh6 40. Rxh6+ Kb5 41. f5 Rg4 42. Rg6 Rxg6 43. fxg6 Nc8 44. g7 Ne7 45. Ke3 Kc6 46. Kf4 Kd6 47. Kg5 Ke6 48. Kh6 Kf5 49. Kh7 Kg4 50. Kh6 Nf5+ 51. Kg6 Nxg7 52. Kf6 Nf5 53. Ke5 Ne3 54. Kd6 Kxg3 55. Kc5 Kf4 56. Kxb4 Ke4 0-1

[Event "GER-ch 75th"]
[Site "Hoeckendorf"]
[Date "2004.02.01"]
[Round "3"]
[White "Espig, Lutz"]
[Black "Mueller, Karsten"]
[Result "1/2-1/2"]
[WhiteElo "2429"]
[BlackElo "2517"]
[EventDate "2004.01.30"]
[PlyCount "27"]

1. Nf3 c5 2. c4 g6 3. d4 cxd4 4. Nxd4 Bg7 5. e4 Nc6 6. Be3 Nf6 7. Nc3 d6 8. Be2 O-O 9. O-O Bd7 10. Nc2 Rc8 11. f3 Ne5 12. Na3 Qa5 13. Qd2 Rfe8 14. Rfd1 1/2-1/2

[Event "GER-ch 75th"]
[Site "Hoeckendorf"]
[Date "2004.02.01"]
[Round "3"]
[White "Heck, Norbert"]
[Black "Mainka, Romuald"]
[Result "0-1"]
[WhiteElo "2308"]
[BlackElo "2456"]
[EventDate "2004.01.30"]
[PlyCount "74"]

1. d4 e6 2. Nf3 c5 3. g3 cxd4 4. Nxd4 Qc7 5. Bg2 a6 6. O-O Nf6 7. e4 Be7 8. Re1 d6 9. Be3 O-O 10. c4 Qxc4 11. Na3 Qc7 12. Rc1 Qd8 13. Nc4 Nbd7 14. f4 d5 15. exd5 Nxd5 16. Bf2 N7f6 17. f5 exf5 18. Re5 Bc5 19. Nxf5 Bxf2+ 20. Kxf2 Bxf5 21. Rxf5 Ne7 22. Rf4 Ng6 23. Rd4 Qe7 24. Nd6 Rab8 25. Rc3 Rfd8 26. Nf5 Qf8 27. Rc7 b5 28. Nd6 Ne5 29. Kg1 h6 30. b4 Ne8 31. Nxe8 Qxe8 32. Bd5 Rd7 33. Rxd7 Qxd7 34. Be4 Qc7 35. Rd6 Re8 36. Kg2 Nc4 37. Rd7 Qe5 0-1

[Event "GER-ch 75th"]
[Site "Hoeckendorf"]
[Date "2004.02.01"]
[Round "3"]
[White "Kalinitschew, Sergey"]
[Black "Thinius, Marco"]
[Result "1-0"]
[WhiteElo "2519"]
[BlackElo "2387"]
[EventDate "2004.01.30"]
[PlyCount "117"]

1. Nf3 Nf6 2. c4 e6 3. Nc3 Bb4 4. g4 h6 5. Rg1 b6 6. Qb3 Be7 7. h3 Bb7 8. Bg2 Nc6 9. d3 Na5 10. Qc2 c5 11. Bf4 d6 12. a3 Nc6 13. b4 O-O 14. b5 Na5 15. Rb1 d5 16. cxd5 exd5 17. Bd2 d4 18. Na4 Nd5 19. Bxa5 bxa5 20. Ne5 Qc7 21. Nc6 Bxc6 22. bxc6 Qxc6 23. Qc4 Rfd8 24. Be4 Rac8 25. Rg3 Rc7 26. Rf3 Qe6 27. Kf1 Nf6 28. Bf5 Qxc4 29. dxc4 g6 30. Bc2 Nd7 31. Rfb3 Ne5 32. Bd3 Kg7 33. Rb5 Rdd7 34. Rxa5 Rb7 35. Rxb7 Rxb7 36. Nxc5 Bxc5 37. Rxc5 Kf6 38. Be4 Rb2 39. f4 Nd7 40. Rd5 Ke7 41. Rxd4 Nc5 42. f5 Nb3 43. Rd5 Nd2+ 44. Ke1 Nxe4 45. Re5+ Kd6 46. Rxe4 gxf5 47. gxf5 Ra2 48. Rd4+ Ke5 49. Rd5+ Ke4 50. Rd7 Rxa3 51. Rxf7 Rxh3 52. f6 Kf5 53. Kd2 Ra3 54. Rf8 h5 55. f7 Kf6 56. c5 Ra5 57. c6 Rc5 58. Rh8 Kxf7 59. c7 1-0

[Event "GER-ch 75th"]
[Site "Hoeckendorf"]
[Date "2004.02.01"]
[Round "3"]
[White "Kritz, Leonid"]
[Black "Reich, Thomas"]
[Result "1-0"]
[WhiteElo "2534"]
[BlackElo "2408"]
[EventDate "2004.01.30"]
[PlyCount "95"]

1. e4 c5 2. Nf3 g6 3. d4 cxd4 4. Nxd4 Bg7 5. Nc3 Nc6 6. Be3 Nf6 7. Bc4 O-O 8. Bb3 d6 9. f3 Bd7 10. Qd2 Ne5 11. Bh6 Bxh6 12. Qxh6 Rc8 13. h4 Rxc3 14. bxc3 Qa5 15. Ne2 Rc8 16. Rd1 Bb5 17. h5 Bxe2 18. Kxe2 Nxh5 19. Rxh5 gxh5 20. Qxh5 Qb5+ 21. c4 Rxc4 22. Qg5+ Kf8 23. Bxc4 Qxc4+ 24. Kf2 Qxa2 25. Rh1 Qxc2+ 26. Kg3 Qb2 27. Qh6+ Ke8 28. Qxh7 Kd7 29. Qf5+ Kc7 30. Rh8 Nc6 31. Rc8+ Kb6 32. Qxf7 a5 33. Kh3 a4 34. Ra8 Qb3 35. Qd5 Qxd5 36. exd5 Na7 37. Re8 a3 38. Rxe7 a2 39. Re1 Nb5 40. Ra1 Nc3 41. g4 Kc5 42. g5 Kxd5 43. Kh4 Ke6 44. Kh5 b5 45. g6 b4 46. Kh6 b3 47. g7 Kf7 48. Rg1 1-0

[Event "GER-ch 75th"]
[Site "Hoeckendorf"]
[Date "2004.02.01"]
[Round "3"]
[White "Luther, Thomas"]
[Black "Dausch, Rene"]
[Result "1-0"]
[WhiteElo "2572"]
[BlackElo "2331"]
[EventDate "2004.01.30"]
[PlyCount "79"]

1. e4 e5 2. Nf3 Nc6 3. Bb5 f5 4. Nc3 Nf6 5. exf5 Nd4 6. Nxe5 c6 7. Ba4 d6 8. Ng4 Bxf5 9. Ne3 Bg6 10. Ne2 Nxe2 11. Qxe2 Be7 12. O-O Qd7 13. d4 d5 14. c4 dxc4 15. Nxc4 Qxd4 16. Rd1 Qe4 17. Qxe4 Nxe4 18. Ne5 Bc5 19. Be3 Bxe3 20. fxe3 Bf5 21. Bc2 Ke7 22. g4 Ke6 23. Nf3 Bg6 24. Bxe4 Bxe4 25. Ng5+ Ke5 26. Nf7+ Ke6 27. Ng5+ Ke5 28. Nf7+ Ke6 29. Nxh8 Rxh8 30. Rd4 Bd5 31. a3 c5 32. Rf4 h5 33. Raf1 hxg4 34. Rxg4 Rh7 35. Rff4 Bc6 36. Rh4 Rxh4 37. Rxh4 g5 38. Rg4 Kf5 39. Rc4 b6 40. Kf2 1-0

[Event "GER-ch 75th"]
[Site "Hoeckendorf"]
[Date "2004.02.01"]
[Round "3"]
[White "Meister, Jakob [RUS]"]
[Black "Graf, Alexander"]
[Result "1/2-1/2"]
[WhiteElo "2488"]
[BlackElo "2629"]
[EventDate "2004.01.30"]
[PlyCount "146"]

1. d4 Nf6 2. Nf3 e6 3. g3 d5 4. c4 dxc4 5. Qa4+ c6 6. Qxc4 b5 7. Qc2 Bb7 8. Bg2 Nbd7 9. a4 c5 10. O-O b4 11. Nbd2 Rc8 12. dxc5 Nxc5 13. Qd1 Be7 14. Ne5 Qc7 15. Bxb7 Qxb7 16. Nb3 O-O 17. Nxc5 Rxc5 18. Nd3 Rd5 19. Qb3 Rfd8 20. Nf4 R5d7 21. Be3 Ng4 22. Rac1 Nxe3 23. Qxe3 Bf6 24. Nd3 Rxd3 25. exd3 Bxb2 26. Rc4 Bc3 27. Qe4 Qd7 28. a5 Qb5 29. Rc7 Qxa5 30. Qb7 f5 31. Rc1 Qb6 32. Qxa7 Qxa7 33. Rxa7 Rxd3 34. Rb7 h5 35. h4 Bd4 36. Rxb4 Rxg3+ 37. Kf1 Rg4 38. Rc8+ Kh7 39. Rd8 e5 40. f3 Rxh4 41. Kg2 Rf4 42. Rd7 Bc3 43. Rxf4 exf4 44. Rf7 Kg6 45. Rc7 Be5 46. Rc8 Kf7 47. Rc5 Ke6 48. Rc6+ Bd6 49. Ra6 g6 50. Rb6 g5 51. Rb7 Be7 52. Rb6+ Kf7 53. Rh6 h4 54. Rh7+ Ke6 55. Kh3 Bf6 56. Ra7 Bc3 57. Ra6+ Kf7 58. Rc6 Bd4 59. Ra6 Be5 60. Rb6 Ke7 61. Ra6 Bd6 62. Rb6 Be5 63. Ra6 Bd6 64. Rb6 Ke6 65. Rb5 Be7 66. Ra5 Bb4 67. Rb5 Bc3 68. Rb6+ Kf7 69. Ra6 Kg7 70. Rc6 Bd4 71. Rd6 Be3 72. Ra6 Kf7 73. Rd6 Kg7 1/2-1/2

[Event "GER-ch 75th"]
[Site "Hoeckendorf"]
[Date "2004.02.01"]
[Round "3"]
[White "Muse, Mladen"]
[Black "Bindrich, Falko"]
[Result "1-0"]
[WhiteElo "2452"]
[BlackElo "2308"]
[EventDate "2004.01.30"]
[PlyCount "79"]

1. Nf3 Nf6 2. g3 g6 3. b3 Bg7 4. Bb2 O-O 5. Bg2 d6 6. d4 e5 7. dxe5 Ng4 8. h3 Nxe5 9. Nxe5 Bxe5 10. Bxe5 dxe5 11. Qxd8 Rxd8 12. Nd2 Nc6 13. O-O-O Be6 14. Ne4 Rxd1+ 15. Rxd1 Rd8 16. Nf6+ Kh8 17. Bxc6 Rxd1+ 18. Kxd1 bxc6 19. h4 Kg7 20. Ne4 f5 21. Nc5 Bc8 22. Kd2 Kf6 23. Ke3 h6 24. f4 g5 25. hxg5+ hxg5 26. Nd3 exf4+ 27. gxf4 gxf4+ 28. Nxf4 Ke5 29. Nd3+ Kd6 30. Kd4 Bb7 31. c4 Ba6 32. Nc5 Bc8 33. e3 Ke7 34. Ke5 Kf7 35. Nd3 Ke7 36. Nb4 Bd7 37. Na6 Kd8 38. Kf6 Bc8 39. Nc5 Ke8 40. Ne6 1-0

[Event "GER-ch 75th"]
[Site "Hoeckendorf"]
[Date "2004.02.01"]
[Round "3"]
[White "Pohl, Walter"]
[Black "Budde, Vladimir"]
[Result "1/2-1/2"]
[WhiteElo "2217"]
[BlackElo "2309"]
[EventDate "2004.01.30"]
[PlyCount "23"]

1. e4 e5 2. Nf3 Nc6 3. Bb5 f5 4. Bxc6 dxc6 5. Nc3 fxe4 6. Nxe4 Bf5 7. Ng3 Bg4 8. h3 Bxf3 9. Qxf3 Qd5 10. Ne4 O-O-O 11. d3 Bb4+ 12. Bd2 1/2-1/2

[Event "GER-ch 75th"]
[Site "Hoeckendorf"]
[Date "2004.02.01"]
[Round "3"]
[White "Roeschlau, Bernd"]
[Black "Riegler, Dieter"]
[Result "1-0"]
[WhiteElo "2295"]
[BlackElo "2182"]
[EventDate "2004.01.30"]
[PlyCount "53"]

1. e4 d5 2. exd5 Nf6 3. Bb5+ Bd7 4. Bc4 Bg4 5. f3 Bc8 6. Nc3 Nbd7 7. a3 Nb6 8. Ba2 Nbxd5 9. Nge2 g6 10. d3 Bg7 11. Bg5 h6 12. Bd2 O-O 13. Qc1 Kh7 14. h4 c6 15. h5 g5 16. Ne4 Nxe4 17. dxe4 Nf6 18. e5 Nd5 19. c4 Nf4 20. Nxf4 gxf4 21. Qc2+ Kg8 22. Bc3 e6 23. Rd1 Qg5 24. Bb1 Re8 25. Qh7+ Kf8 26. Bb4+ c5 27. Bxc5+ 1-0

[Event "GER-ch 75th"]
[Site "Hoeckendorf"]
[Date "2004.02.01"]
[Round "3"]
[White "Schebler, Gerhard"]
[Black "Enders, Peter"]
[Result "1/2-1/2"]
[WhiteElo "2480"]
[BlackElo "2478"]
[EventDate "2004.01.30"]
[PlyCount "161"]

1. Nf3 Nf6 2. g3 g6 3. b3 Bg7 4. Bb2 O-O 5. Bg2 d6 6. d4 Nbd7 7. O-O e5 8. dxe5 Ng4 9. Qd2 Ndxe5 10. c4 a6 11. Nc3 Rb8 12. Nxe5 Nxe5 13. Rfd1 Be6 14. Rac1 f5 15. f4 Ng4 16. Bf3 Nf6 17. Nd5 Bxd5 18. cxd5 Re8 19. Rc4 Re7 20. Rdc1 Rc8 21. Qb4 Rb8 22. R1c2 Kh8 23. Bd4 b6 24. Qc3 Ne8 25. Bxg7+ Rxg7 26. e4 fxe4 27. Rxe4 Kg8 28. Rce2 Nf6 29. Re6 Rf7 30. Kg2 Qf8 31. b4 Ra8 32. Qc6 a5 33. bxa5 bxa5 34. a4 Rc8 35. Qc3 Ra8 36. Qe1 Qb8 37. Qa1 Qf8 38. Qc3 Ra7 39. Rb2 Nd7 40. Rbe2 Nf6 41. h3 Ra8 42. h4 Qg7 43. Qe1 Ra7 44. Kh3 h6 45. Qd2 Ra8 46. Kg2 Kh8 47. Re1 Kg8 48. Rb1 Raf8 49. Rbe1 Ra8 50. Be2 Ra7 51. Bb5 Ra8 52. R1e2 Raf8 53. Kh3 Kh8 54. Kg2 Kg8 55. Bd3 Kh8 56. Bc2 Ra8 57. Kh1 Kg8 58. Qd3 g5 59. hxg5 hxg5 60. Qd2 g4 61. Rh2 Kf8 62. Kg1 Re7 63. f5 Rxe6 64. fxe6 Ra7 65. Qc3 Qg5 66. Rf2 Ke7 67. Rf5 Qh6 68. Bb3 Rb7 69. Rf4 Qg5 70. Qc6 Ra7 71. Qb5 Qg8 72. Qf1 Qg5 73. Qb5 Qg8 74. Qf1 Qh8 75. Qb5 Qf8 76. Qc6 Qh8 77. Qb5 Qh3 78. Qd3 Qh6 79. Qb5 Qh8 80. Rf5 Qh7 81. Rf4 1/2-1/2

[Event "GER-ch 75th"]
[Site "Hoeckendorf"]
[Date "2004.02.01"]
[Round "3"]
[White "Scheerer, Christoph"]
[Black "Latzke, Boris Alexander"]
[Result "0-1"]
[WhiteElo "2409"]
[BlackElo "2246"]
[EventDate "2004.01.30"]
[PlyCount "144"]

1. e4 e5 2. Nc3 Nf6 3. g3 Nc6 4. Bg2 Bc5 5. Nge2 a6 6. O-O d6 7. h3 h5 8. d3 h4 9. Bg5 hxg3 10. Nxg3 Bxh3 11. Bxh3 Rxh3 12. Kg2 Qd7 13. Bxf6 gxf6 14. Nd5 O-O-O 15. Nxf6 Qe6 16. Ng4 Rhh8 17. c3 Rhg8 18. f3 Rg5 19. Rh1 Rdg8 20. Qd2 Ne7 21. d4 f5 22. dxc5 fxg4 23. f4 exf4 24. Qxf4 Rxc5 25. Rh6 Qe5 26. Rf1 Rb5 27. Qf2 Qg7 28. Rf6 Ng6 29. Kg1 Nh4 30. Rf8+ Rxf8 31. Qxf8+ Qxf8 32. Rxf8+ Kd7 33. b4 Re5 34. Kf2 Nf3 35. Rf4 Rg5 36. Rf7+ Kc6 37. a4 Ne5 38. Rh7 b6 39. Nf5 Nc4 40. Kg3 Kb7 41. Ne7 Nd2 42. Nf5 Nxe4+ 43. Kf4 Rxf5+ 44. Kxf5 Nxc3 45. Kxg4 Nxa4 46. Kf3 Nc3 47. Rh4 Nd5 48. Rc4 b5 49. Rd4 c6 50. Ke2 Kb6 51. Kd2 a5 52. bxa5+ Kxa5 53. Kc2 Ne3+ 54. Kb3 Nc4 55. Rd1 Kb6 56. Rd3 c5 57. Rd1 Kc6 58. Rh1 Nb6 59. Rh5 Nd5 60. Rg5 c4+ 61. Ka3 Kc5 62. Rh5 Kd4 63. Kb2 b4 64. Kc2 Ne3+ 65. Kb2 d5 66. Rh2 Kd3 67. Kc1 c3 68. Kb1 b3 69. Kc1 b2+ 70. Kb1 d4 71. Rh3 Kc4 72. Ka2 Nf1 0-1

[Event "GER-ch 75th"]
[Site "Hoeckendorf"]
[Date "2004.02.01"]
[Round "3"]
[White "Schurade, Matthias"]
[Black "Gustafsson, Jan"]
[Result "0-1"]
[WhiteElo "2370"]
[BlackElo "2572"]
[EventDate "2004.01.30"]
[PlyCount "104"]

1. e4 e5 2. Nf3 Nc6 3. Nc3 Nf6 4. Bb5 Bd6 5. d3 h6 6. Be3 a6 7. Ba4 O-O 8. h3 b5 9. Bb3 Bb4 10. O-O Bxc3 11. bxc3 d5 12. exd5 Nxd5 13. Bd2 Re8 14. Re1 Bf5 15. c4 Nb6 16. cxb5 axb5 17. Bc3 Qd6 18. Qe2 Nd7 19. d4 Nxd4 20. Bxd4 exd4 21. Qxb5 c5 22. Rxe8+ Rxe8 23. Re1 Rb8 24. Qc4 Bg6 25. Nh4 Nb6 26. Qe2 d3 27. cxd3 Bxd3 28. Qd2 c4 29. Bc2 Rd8 30. Bxd3 cxd3 31. Nf5 Qf6 32. Ne3 h5 33. Rd1 Na4 34. Rc1 g6 35. Qb4 d2 36. Rf1 Nc3 37. Qb3 Qd4 38. Nd1 Ne2+ 39. Kh1 Nc1 40. Qc2 Ra8 41. Qc3 Qd6 42. f4 Nxa2 43. Qf3 Ra3 44. Qb7 Nc3 45. Qc8+ Qf8 46. Qc6 Ne2 47. Kh2 Qb8 48. Qc4 Ng3 49. Rf2 Qd6 50. Qc2 h4 51. Qc8+ Kg7 52. Qg4 Ra1 0-1

[Event "GER-ch 75th"]
[Site "Hoeckendorf"]
[Date "2004.02.01"]
[Round "3"]
[White "Stern, Rene"]
[Black "Stanke, Juergen"]
[Result "1-0"]
[WhiteElo "2489"]
[BlackElo "2313"]
[EventDate "2004.01.30"]
[PlyCount "75"]

1. d4 Nf6 2. c4 e6 3. Nf3 d5 4. Nc3 Nbd7 5. Bf4 dxc4 6. e3 Nd5 7. Bxc4 Nxf4 8. exf4 Bd6 9. g3 O-O 10. O-O Nb6 11. Bb3 Bd7 12. Qd3 g6 13. Rad1 Bc6 14. d5 exd5 15. Nxd5 Nxd5 16. Bxd5 Bxd5 17. Qxd5 Qf6 18. b3 Rab8 19. Ng5 Rfe8 20. Rfe1 Rxe1+ 21. Rxe1 c6 22. Ne4 cxd5 23. Nxf6+ Kh8 24. Rd1 Kg7 25. Nxd5 Re8 26. Kf1 Bc5 27. h4 h5 28. f5 Kh6 29. fxg6 fxg6 30. Nf4 b6 31. Rd5 Bb4 32. Rg5 Re1+ 33. Kg2 Bd2 34. Rxg6+ Kh7 35. Rf6 Bxf4 36. Rxf4 Kg6 37. Ra4 a5 38. Rd4 1-0

[Event "GER-ch 75th"]
[Site "Hoeckendorf"]
[Date "2004.02.01"]
[Round "3"]
[White "Wegener, Olaf"]
[Black "Degtiarev, Evgeny"]
[Result "1-0"]
[WhiteElo "2404"]
[BlackElo "2281"]
[EventDate "2004.01.30"]
[PlyCount "91"]

1. e4 e5 2. Nf3 Nc6 3. Bb5 Nf6 4. O-O Nxe4 5. d4 Nd6 6. Bxc6 dxc6 7. dxe5 Nf5 8. Qxd8+ Kxd8 9. Nc3 Ke8 10. h3 Be7 11. Ne2 Be6 12. Ned4 Nxd4 13. Nxd4 Bd7 14. Be3 c5 15. Ne2 Rd8 16. Nf4 Bf5 17. c4 Rd7 18. g4 Be4 19. f3 Bc6 20. Nh5 Rg8 21. Kg2 Kd8 22. Rad1 Kc8 23. Kg3 b6 24. h4 g6 25. Rxd7 Kxd7 26. Nf4 Bxh4+ 27. Kxh4 g5+ 28. Kg3 gxf4+ 29. Kxf4 Rg6 30. Rh1 h6 31. Kg3 Re6 32. Bf4 Ba4 33. b3 Bc6 34. Rh5 Bb7 35. Bxh6 Re8 36. Rf5 Ke7 37. Bg5+ Kf8 38. Bf6 Rc8 39. Rh5 Ke8 40. Rh7 b5 41. cxb5 Bd5 42. f4 c4 43. bxc4 Bxc4 44. f5 Bxa2 45. g5 Bd5 46. g6 1-0

[Event "GER-ch 75th"]
[Site "Hoeckendorf"]
[Date "2004.02.02"]
[Round "4"]
[White "Braun, Arik"]
[Black "Stern, Rene"]
[Result "1-0"]
[WhiteElo "2429"]
[BlackElo "2489"]
[EventDate "2004.01.30"]
[PlyCount "151"]

1. d4 d5 2. c4 e6 3. Nc3 Be7 4. Nf3 Nf6 5. cxd5 exd5 6. Bg5 c6 7. Qc2 g6 8. e3 Bf5 9. Bd3 Bxd3 10. Qxd3 Nbd7 11. Bh6 Bd6 12. h3 Qe7 13. O-O O-O-O 14. a3 Rhg8 15. Bg5 h6 16. Bxh6 g5 17. Bxg5 Rg6 18. Qf5 Rdg8 19. h4 Qe8 20. g3 Nh5 21. Kh2 Ng7 22. Qh3 Ne6 23. Bf4 Qf8 24. Rae1 f5 25. Ne2 Nf6 26. Bxd6 Qxd6 27. Nf4 Ng4+ 28. Kg2 Rh6 29. Rh1 Ng7 30. Ng5 Qd7 31. Kg1 Ne8 32. Qg2 Nd6 33. f3 Nf6 34. Kf2 Kb8 35. Re2 Ka8 36. Nd3 Qg7 37. Rh3 Qe7 38. Ne5 Rf8 39. Rh1 a6 40. Rc1 Qe8 41. Rec2 Nd7 42. Nxd7 Qxd7 43. Nh3 Rg8 44. Nf4 Rxh4 45. gxh4 Rxg2+ 46. Nxg2 f4 47. Nxf4 Nf5 48. Rh1 Qg7 49. Rh3 Nxd4 50. Rd2 Nb3 51. Re2 Nc1 52. Rc2 d4 53. Rxc1 dxe3+ 54. Kf1 Qxb2 55. Ne2 Qxa3 56. h5 Qf8 57. h6 Qf5 58. Kg2 Qh7 59. Rc3 a5 60. Rxe3 a4 61. Re8+ Ka7 62. Re4 b5 63. Rg4 Kb6 64. Rg7 Qh8 65. Nc3 a3 66. Na2 c5 67. Rg6+ Ka5 68. h7 b4 69. Rh5 Qe8 70. h8=Q Qxg6+ 71. Kh3 Qe6+ 72. Kg3 Qe1+ 73. Kf4 Qd2+ 74. Ke5 Ka4 75. Qa8+ Kb3 76. Qd5+ 1-0

[Event "GER-ch 75th"]
[Site "Hoeckendorf"]
[Date "2004.02.02"]
[Round "4"]
[White "Dausch, Rene"]
[Black "Schulz, Michael"]
[Result "0-1"]
[WhiteElo "2331"]
[BlackElo "2246"]
[EventDate "2004.01.30"]
[PlyCount "58"]

1. d4 Nf6 2. Nf3 c5 3. g3 cxd4 4. Nxd4 Nc6 5. Bg2 g6 6. O-O Bg7 7. c4 Qb6 8. Nc2 O-O 9. Nc3 d6 10. b4 Be6 11. c5 dxc5 12. Na4 Qb5 13. Nxc5 Rad8 14. Qe1 Nd5 15. Bd2 Bg4 16. e4 Ndxb4 17. Bxb4 Bxa1 18. a4 Qc4 19. Ne3 Qxb4 20. Qxb4 Nxb4 21. Nxg4 Bd4 22. Nxb7 Rd7 23. e5 h5 24. Rb1 hxg4 25. Rxb4 Bxe5 26. Rxg4 Rd1+ 27. Bf1 Bd4 28. Kg2 Rb8 29. Na5 Rb2 0-1

[Event "GER-ch 75th"]
[Site "Hoeckendorf"]
[Date "2004.02.02"]
[Round "4"]
[White "Degtiarev, Evgeny"]
[Black "Pohl, Walter"]
[Result "1-0"]
[WhiteElo "2281"]
[BlackElo "2217"]
[EventDate "2004.01.30"]
[PlyCount "67"]

1. d4 d5 2. Nf3 Nc6 3. c4 Bg4 4. cxd5 Bxf3 5. dxc6 Bxc6 6. Nc3 e6 7. e4 Nf6 8. f3 Be7 9. Be3 O-O 10. Bc4 a6 11. a3 b5 12. Be2 Bb7 13. O-O Rc8 14. b4 Nd7 15. f4 Kh8 16. Qb3 Bf6 17. Rad1 g6 18. e5 Bg7 19. d5 exd5 20. Nxd5 Qh4 21. Bf2 Qh6 22. Bg3 c5 23. Bf3 c4 24. Qc2 Rcd8 25. Qf2 g5 26. Be4 Bxd5 27. Rxd5 gxf4 28. Bxf4 Qb6 29. Be3 Qe6 30. Rfd1 Bxe5 31. Bf5 Qc6 32. Bxd7 Qc7 33. Rxe5 Rxd7 34. Qf6+ 1-0

[Event "GER-ch 75th"]
[Site "Hoeckendorf"]
[Date "2004.02.02"]
[Round "4"]
[White "Dresen, Ulrich"]
[Black "Breutigam, Martin"]
[Result "0-1"]
[WhiteElo "2312"]
[BlackElo "2409"]
[EventDate "2004.01.30"]
[PlyCount "106"]

1. d4 d5 2. Nf3 c5 3. e3 e6 4. b3 Nf6 5. Bd3 Nc6 6. O-O Bd6 7. Bb2 O-O 8. Nbd2 b6 9. a3 Bb7 10. Ne5 Qc7 11. f4 cxd4 12. exd4 Ne7 13. Qe2 Rac8 14. Rf2 Qd8 15. Re1 b5 16. c3 a6 17. Qf3 Bc7 18. Ng4 Ne8 19. Qh3 Nf5 20. Ne3 g6 21. g4 Qh4 22. Qg2 Nxe3 23. Rxe3 Qh6 24. Rh3 Qg7 25. Nf1 f5 26. Ne3 fxg4 27. Qxg4 Nf6 28. Qg5 Rf7 29. Nd1 Rcf8 30. Bc1 Nh5 31. Rhf3 Rf6 32. Bf1 Rf5 33. Qg4 Nf6 34. Qh4 Rh5 35. Qg3 Ne4 36. Qg4 Nxf2 37. Nxf2 Bc8 38. Qxh5 gxh5+ 39. Rg3 Bxf4 40. Bxf4 Rxf4 41. Rxg7+ Kxg7 42. Nd3 Rf6 43. Be2 h4 44. Kg2 Kh6 45. Ne5 Kg5 46. Bf3 Rf8 47. Kf2 Bb7 48. Ke3 Bc8 49. Be2 Kf6 50. a4 bxa4 51. bxa4 Rg8 52. Kf2 Rg7 53. Nd3 Rb7 0-1

[Event "GER-ch 75th"]
[Site "Hoeckendorf"]
[Date "2004.02.02"]
[Round "4"]
[White "Enders, Peter"]
[Black "Luther, Thomas"]
[Result "1/2-1/2"]
[WhiteElo "2478"]
[BlackElo "2572"]
[EventDate "2004.01.30"]
[PlyCount "22"]

1. e4 e6 2. d4 d5 3. Nc3 dxe4 4. Nxe4 Nd7 5. Nf3 Ngf6 6. Nxf6+ Nxf6 7. Bg5 c5 8. dxc5 Bxc5 9. Bb5+ Bd7 10. Bxd7+ Qxd7 11. Qxd7+ Nxd7 1/2-1/2

[Event "GER-ch 75th"]
[Site "Hoeckendorf"]
[Date "2004.02.02"]
[Round "4"]
[White "Gustafsson, Jan"]
[Black "Meister, Jakob [RUS]"]
[Result "1/2-1/2"]
[WhiteElo "2572"]
[BlackElo "2488"]
[EventDate "2004.01.30"]
[PlyCount "103"]

1. d4 d5 2. c4 e6 3. Nf3 Nf6 4. Nc3 dxc4 5. e4 Bb4 6. Bg5 b5 7. a4 c6 8. e5 h6 9. exf6 hxg5 10. fxg7 Rg8 11. h4 Nd7 12. hxg5 Bb7 13. Rh8 Ke7 14. Rh7 Qa5 15. Qc1 bxa4 16. Qc2 a3 17. Bxc4 Nb6 18. Ne5 Nxc4 19. Nxc4 Qxg5 20. Qb3 c5 21. bxa3 Bxc3+ 22. Qxc3 Qxg2 23. Ne3 Qg5 24. d5 Rac8 25. dxe6 fxe6 26. O-O-O Bf3 27. Re1 Qf6 28. Qxf6+ Kxf6 29. Rg1 Be4 30. Rh6+ Ke7 31. Rg4 Bf5 32. Rg5 Kf7 33. Nc4 Ke7 34. Ne3 Kf7 35. Nxf5 exf5 36. Rd6 Rc7 37. Rd5 Rxg7 38. Rdxf5+ Ke8 39. Rxc5 Rxg5 40. Rxc7 Rf5 41. Rc2 Rf3 42. Ra2 a5 43. a4 Rf4 44. Kd1 Kf7 45. Ke2 Kf6 46. f3 Kf5 47. Ke3 Rb4 48. Ra3 Rh4 49. Kd3 Rb4 50. Kc3 Kf4 51. Kc2 Rc4+ 52. Kd3 1/2-1/2

[Event "GER-ch 75th"]
[Site "Hoeckendorf"]
[Date "2004.02.02"]
[Round "4"]
[White "Gutman, Lev"]
[Black "Heck, Norbert"]
[Result "0-1"]
[WhiteElo "2497"]
[BlackElo "2308"]
[EventDate "2004.01.30"]
[PlyCount "108"]

1. Nf3 Nf6 2. g3 g6 3. Bg2 Bg7 4. O-O O-O 5. d4 d6 6. a4 Nbd7 7. a5 a6 8. Nc3 e5 9. dxe5 dxe5 10. Bg5 h6 11. Bxf6 Bxf6 12. Qd2 Bg7 13. Rfd1 c6 14. Qd6 Qf6 15. Qa3 Re8 16. Ne4 Qe6 17. Rd6 Qe7 18. Rad1 Nf6 19. Nxf6+ Bxf6 20. Nd2 Bg7 21. c4 Be6 22. c5 f5 23. e4 f4 24. Bf1 Kh7 25. Bc4 Bg4 26. f3 Bh3 27. Bf1 Be6 28. Bc4 Bh3 29. Qd3 Qg5 30. Bf7 fxg3 31. Rxg6 gxh2+ 32. Kh1 Red8 33. Rxg5 Rxd3 34. Rg3 Bd7 35. Bc4 Rd4 36. Be2 Be6 37. Nf1 Rxd1 38. Bxd1 Rd8 39. Be2 Bf8 40. f4 exf4 41. Rc3 Bg7 42. Rc2 Bb3 43. Rc1 Be5 44. Bg4 Rd3 45. Kg2 Bxb2 46. Rb1 Ba3 47. Be2 Rc3 48. Nd2 Rc2 49. Nxb3 Rxe2+ 50. Kh3 Rxe4 51. Nd2 Re7 52. Nb3 Rg7 53. Kh4 f3 54. Rf1 Rf7 0-1